Kabale University Library Catalogue

Introduction to social psychology / (Record no. 5918)

MARC details
000 -LEADER
fixed length control field 00661pam a2200205 a 4500
005 - DATE AND TIME OF LATEST TRANSACTION
control field 20260130145606.0
008 - FIXED-LENGTH DATA ELEMENTS--GENERAL INFORMATION
fixed length control field 930915s1994 caua b 001 0 eng
020 ## - INTERNATIONAL STANDARD BOOK NUMBER
International Standard Book Number 0534173888
020 ## - INTERNATIONAL STANDARD BOOK NUMBER
International Standard Book Number 9780534173883
040 ## - CATALOGING SOURCE
Original cataloging agency KABLIB
Transcribing agency KABLIB
Description conventions rda
082 00 - DEWEY DECIMAL CLASSIFICATION NUMBER
Classification number 302
Edition number 23
Item number LIP
100 1# - MAIN ENTRY--PERSONAL NAME
Personal name Lippa, Richard A.
9 (RLIN) 14931
245 10 - TITLE STATEMENT
Title Introduction to social psychology /
Statement of responsibility, etc. Richard A. Lippa.
250 ## - EDITION STATEMENT
Edition statement 2nd ed.
260 ## - PUBLICATION, DISTRIBUTION, ETC.
Place of publication, distribution, etc. Pacific Grove, Calif. :
Name of publisher, distributor, etc. Brooks/Cole Publishing Co.,
Date of publication, distribution, etc. c1994.
300 ## - PHYSICAL DESCRIPTION
Extent xxii. (various pagings) :
Other physical details ill. (some col.) ;
Dimensions 24 cm.
504 ## - BIBLIOGRAPHY, ETC. NOTE
Bibliography, etc. note Includes bibliographical references, index.
650 #0 - SUBJECT ADDED ENTRY--TOPICAL TERM
Topical term or geographic name entry element Social psychology.
942 ## - ADDED ENTRY ELEMENTS (KOHA)
Source of classification or shelving scheme Dewey Decimal Classification
Koha item type Book
Holdings
Withdrawn status Lost status Source of classification or shelving scheme Damaged status Not for loan Home library Current library Shelving location Date acquired Source of acquisition Total Checkouts Full call number Barcode Date last seen Price effective from Koha item type
    Dewey Decimal Classification     Mukombe Library Mukombe Library Open Access Section 30.01.2026 Donation   302 LIP 14457 30.01.2026 30.01.2026 Book
    Dewey Decimal Classification     Mukombe Library Mukombe Library Open Access Section 30.01.2026 Donation   302 LIP 14458 30.01.2026 30.01.2026 Book

Kabale University Library | Kabale University P.O Box 317, Kabale, Uganda
Tel : +256754017033, +256774661503 E-mail : library@kab.ac.ug